ბათუმის შოთა რუსთაველის სახელმწიფო უნივერსიტეტის ბიბლიოთეკა

როგორ აგვიხსნა ფეხბურთელმა მსოფლიო გლობალიზაციის სხვაგვარი თეორია / (ბიბ.ჩანაწერი № 54324)

000 -ლიდერი
ფიქსირებული სიგრძის საკონტროლო ველი 00994nam a2200241Ia 4500
001 - საკონტროლო ნომერი
საკონტროლო ველი 21380
003 - საკონტროლო ნომრის იდენტიფიკატორი
საკონტროლო ველი GE_BSU
005 - ბოლო ოპერაციის თარიღი და დრო
საკონტროლო ველი 20211103164437.0
008 - ფიქსირებული სიგრძის მონაცემთა ელემენტები - ზოგადი ინფორმაცია
ფიქსირებული სიგრძის საკონტროლო ველი 181216s2013||||ge |||||||||||||| ||geo||
020 ## - წიგნის საერთაშორისო სტანდარტული ნომერი
International Standard Book Number 9789941442674
040 ## - კატალოგიზაციის წყარო
Transcribing agency GE_BSU
041 ## - ენის კოდი
Language code of text/sound track or separate title geo
080 ## - უნივერსალური ათობითი კლასიფიკაციის ინდექსი
Universal Decimal Classification number 796.332+316 ფ-77
100 ## - მთავარი ჩანაწერი - პიროვნების სახელი
Personal name ფოერი, ფრანკლინ
9 (RLIN) 12808
245 ## - ცნობა სათაურის შესახებ
Title როგორ აგვიხსნა ფეხბურთელმა მსოფლიო გლობალიზაციის სხვაგვარი თეორია /
Statement of responsibility, etc ფრანკლინ ფოერი ; მთარგმნ. რ. ძიგრაშვილი.
264 ## - წარმოების, გამოცემის, დისტრიბუციის და სხვა ცნობები
გამოცემის, წარმოების, დისტრიბუციის... ადგილი თბილისი :
გამოცემის, წარმოების, დისტრიბუციის... სახელწოდება რადარამი,
გამოცემის, წარმოების, დისტრიბუციის... თარიღი 2013.
300 ## - ფიზიკური აღწერა
Extent 254 გვ. ;
Dimensions 20 სმ.
504 ## - BIBLIOGRAPHY, ETC. NOTE
Bibliography, etc ბიბლ. გვ. : 252-254
653 ## - INDEX TERM--UNCONTROLLED
Uncontrolled term სპორტი
700 ## - ADDED ENTRY--PERSONAL NAME
Personal name ძიგრაშვილი, რ.
Relator term მთარგმნელი
9 (RLIN) 12809
942 ## - ADDED ENTRY ELEMENTS (KOHA)
Koha item type წიგნი
Source of classification or shelving scheme
ეგზემპლარები
ჩამოწერის სტატუსი დაკარგული ეგზემპლარის სტატუსი კლასიფიკაციის წყარო ან თაროზე გაწყობის სქემა დაზიანების სტატუსი არ გაიცემა მუდმივი მდებარეობა (დაცვის ადგილი) ამჟამინდელი ადგილსამყოფელი თაროზე განთავსების ადგილი შეძენის თარიღი ღირებულება, შესყიდვის ნორმალური ფასი სრული შენახვის შიფრი შტრიხკოდი ბოლო ოპერაციის თარიღი ეგზემპლარის მიმდევრობითი ნომერი (კეტერი?) ფასის ძალაში შესვლის თარიღი ეგზემპლარის სახეობა საჯარო შენიშვნა
          ბათუმის შოთა რუსთაველის სახელმწიფო უნივერსიტეტის მთავარი ბიბლიოთეკა ბათუმის შოთა რუსთაველის სახელმწიფო უნივერსიტეტის მთავარი ბიბლიოთეკა წიგნსაცავი 2018-12-17 7.00 796.332+316 ფ-77 55319 2018-12-17 55319 2018-12-17 წიგნი 7.00 ₾.